Hello? - Clairo (Lyrics) - Statistics

General Stats
  • This quiz has been taken 23 times
  • The average score is 171 of 238
Answer Stats
Answer % Correct
a
100%
are
100%
do
100%
hello?
100%
i
100%
i'm
100%
the
100%
to
100%
when
100%
in
95%
into
95%
like
95%
me
95%
on
95%
things
95%
wanna
95%
you
95%
you?
95%
an
89%
and
89%
from
89%
just
89%
so
89%
your
89%
all
84%
away
84%
close
84%
dark
84%
far
84%
how
84%
one
84%
or
84%
yet
84%
you're
84%
click
79%
fake
79%
my
79%
play
79%
real
79%
something
79%
be
74%
drake
74%
face
74%
look
74%
wonder
74%
can
68%
out
68%
clairo
63%
day
63%
left
63%
man
63%
quickie
63%
hallway
58%
taste
58%
will
53%
crumbs
47%
old
47%
smoke
47%
down
42%
fenty
42%
kiss
42%
riri
42%
skip
42%
twenty-three
42%
years
42%
bought
37%
doom
37%
jump
37%
rope
37%
say
37%
his
32%
know
32%
made
32%
no
32%
though?
32%
took
32%
weed
32%
asshole
26%
for
26%
pesos
26%
place
26%
broke
21%
cashing
21%
grand
21%
hundred
21%
make
21%
roll
21%
take
21%
bey
16%
boy
16%
crazy
16%
hot
16%
life
16%
soul
16%
text
16%
went
16%
checks
11%
frame
11%
mass
11%
phone
11%
jokes
5%
rappers
5%
roses
5%
save
5%
fale
0%
No matching quizzes found
Score Distribution
Percent of People with Each Score
Percentile by Number Answered
Your Score History
You have not taken this quiz